| 000 | 00783nam a22002297a 4500 | ||
|---|---|---|---|
| 999 |
_c10824 _d10824 |
||
| 003 | AR-CdUCM | ||
| 008 | 190402b ||||| |||| 00| 0 spa d | ||
| 040 |
_aMUNICIPALIDAD PROVINCIAL DEL CUSCO _cBIBLIOTECA MUNICIPAL DEL CUSCO |
||
| 082 |
_a985.01 / _bG24 / 1945 |
||
| 100 |
_aGarcilaso de la Vega, Inca _92774 |
||
| 245 |
_aEl Inca Garcilaso de la Vega : _bAntología / |
||
| 260 |
_aMadrid : _bEdiciones Fe, _c1945. |
||
| 300 |
_a1 tomo ; _c16 cm. |
||
| 440 |
_aBreviarios del Pensamiento Español. _923693 |
||
| 505 | _aContenido: t.1: Historia de la Florida. | ||
| 650 |
_aHistoria Perú _94248 |
||
| 650 |
_aÉpoca Prehispánica _92714 |
||
| 650 |
_aIncas _9303 |
||
| 700 |
_aFernandez-Flores, Dario (selección y prólogos) _923694 |
||
| 942 |
_2ddc _cLIBROS |
||
| 945 | _aachl | ||